• 首页
  • 本馆介绍
  • 公告通知
  • 最新文献
  • 馆藏检索
  • 电子资源
  • 读者导购
  • 参考咨询
  • 我的图书馆
  • 登录
  • 详细信息显示
  • 放入我的书架
  • 预约/预借图书
  • 作者相关作品
  • 分类相关作品
  • 丛书相关作品
  • 出版社相关作品

书目信息

  • 表格格式
  • 工作单格式
  • 卡片格式
书名: Scientific English practice
作者:
分册号:
分册名:
出版地: London :
 
出版社: Longman
出版时间: 1972.
页数: 163 p. :
开本: 20020930
丛书名:
中图分类号:
科图分类号:
其他分类号: H31
主题词:
电子资源:
000 00609nam 2200205 a 4500
001 E0738941468
005 20070305171920.17
008 uu
020    @cCNY0.60.
040    @aNLC
049    @aN5LA
090    @a2/N43/TGC//////*919913/-14/ 2cop.
090    @aH31
096    @aN43 @v2
099    @dH31@ex91=2
100 1  @aThornley, G. C.
245 10 @aScientific English practice@s(2nd.ed).
260    @aLondon :@bLongman,@c1972.
300    @a163 p. :@b00 ;@c20020930@lNLC09@h2245@lNLC09@h2243@lNLC09@h1834 :@b01 ;@c20051015@lNLC09@h1007 :@b01 ;@c20051015@lNLC09@h1007
852 9  @bWWJC @cJ08S @k2 @hN43 @iTGC
    
    Scientific English practice ((2nd.ed).).-London : : Longman, , 1972.
    163 p. : : 00 ; ; 20020930 : 01 ; ; 20051015 : 01 ; ; 20051015
    
    
    ISBN CNY0.60.
    
●
相关链接 在E读中查询图书 在五车中查询图书 在当当中查询图书 在豆瓣中查询图书


正题名:Scientific English practice     索取号:H31/x91=2         预约/预借

序号 登录号 条形码 馆藏地/架位号 状态 备注
1 0000210   300002100   第四借阅区/ [索取号:H31/x91=2] 在馆    
2 184531   001158384   第二样本阅览室/ [索取号:H31/x91=2] 在馆    
3 49119   001158393   第四借阅区/ [索取号:H31/x91=2] 在馆    
4 49120   001158400   第四借阅区/ [索取号:H31/x91=2] 在馆    
5 49121   001158464   第四借阅区/ [索取号:H31/x91=2] 在馆    
6 49122   001158428   第四借阅区/ [索取号:H31/x91=2] 在馆    
7 49123   001158437   第四借阅区/ [索取号:H31/x91=2] 在馆    
唐山师范学院图书馆 欢迎您!
大连网信软件有限公司© 版权所有